Guess the Rap/HipHop Album (EASY) - Statistics

General Stats
  • This quiz has been taken 27 times
  • The average score is 6 of 12
Answer Stats
Artist Date Answer % Correct
Kendrick Lamar 2015 To Pimp A Butterfly
88%
Tyler, The Creator 2024 Chromakopia
73%
Nas 1994 Illmatic
73%
Travis Scott 2015 Rodeo
69%
50 Cent 2003 Get Rich or Die Tryin'
58%
Kanye West 2005 Late Registration
58%
Playboi Carti 2017 Playboi Carti
54%
Biggie Smalls (Notorious B.I.G) 1994 Ready To Die
54%
J. Cole 2014 2014 Forest Hills Drive
50%
MF DOOM 2004 MM..FOOD
38%
Kodak Black 2018 Dying To Live
15%
Kid Cudi 2009 Man of The Moon: The End Of The Day
4%
No matching quizzes found
Score Distribution
Percent of People with Each Score
Percentile by Number Answered
Your Score History
You have not taken this quiz